| 000 | 00557nam a2200193Ia 4500 | ||
|---|---|---|---|
| 003 | LDD | ||
| 008 | 181029s9999 xx 000 0 und d | ||
| 020 |
_a8181284194 _c695.00 |
||
| 040 | _cLDD | ||
| 100 | _aGandolfo, Giancarlo | ||
| 245 | 0 |
_aInternational Trade Theory and Policy _cGiancarlo Gandolfo |
|
| 260 |
_aNew York _bSpringer _c2006 |
||
| 300 | _axxi, 544p. | ||
| 365 | _b695.00 | ||
| 901 |
_a3836 _b10-02-2007 |
||
| 902 |
_aANE/D/677 _b02-03-2007 _cF _dANE _e38 |
||
| 903 |
_aDiscount-10 _bReqst by : Kamal Vagerecha |
||
| 942 |
_2ddc _cBK |
||
| 999 |
_c78272 _d78272 |
||